Oversight of the Export Trading Company Act of 1982 : hearing before the Subcommittee on International Economic Policy and Trade of the Committee on Foreign Affairs, House of Representatives, Ninety-eighth Congress, second session, June 20; August 1; and September 20, 1984.

Bibliographic Details
Corporate Authors: United States. Congress. House. Committee on Foreign Affairs. Subcommittee on International Economic Policy and Trade, ProQuest (Firm)
Format: Government Document eBook
Language:English
Published: Washington : U.S. G.P.O., 1986.
Series:U.S. Congressional Hearings.
Subjects:
Online Access:Connect to the full text of this electronic book

MARC

Tag First Indicator Second Indicator Subfields
LEADER 00000cam a22000001a 4500
001 in00003217521
006 m d f
007 cr bn mmmapmmp
008 091020s1986 dcua ob f000 0 eng d
005 20260504165510.6
035 |a cis2007450434 
040 |a UMI  |c UMI  |d UtOrBLW 
043 |a n-us--- 
074 |a 1017-A, 1017-B (microfiche) 
086 0 |a Y 4.F 76/1:Ex 7/16 
099 |a HRG-1984-FOA-0074 
110 1 |a United States.  |b Congress.  |b House.  |b Committee on Foreign Affairs.  |b Subcommittee on International Economic Policy and Trade. 
245 1 0 |a Oversight of the Export Trading Company Act of 1982 :  |b hearing before the Subcommittee on International Economic Policy and Trade of the Committee on Foreign Affairs, House of Representatives, Ninety-eighth Congress, second session, June 20; August 1; and September 20, 1984. 
264 1 |a Washington :  |b U.S. G.P.O.,  |c 1986. 
300 |a 1 online resource. 
336 |a text  |b txt  |2 rdacontent 
337 |a computer  |b c  |2 rdamedia 
338 |a online resource  |b cr  |2 rdacarrier 
500 |a Record is based on bibliographic data in ProQuest Congressional Hearings Digital Collection. Reuse except for individual research requires license from ProQuest, LLC. 
504 |a Includes bibliographical references. 
538 |a System requirements: PDF reader software. 
500 |a Electronic resource. 
650 0 |a Foreign trade promotion  |z United States. 
650 0 |a Export trading companies  |z United States. 
650 0 |a Antitrust law  |z United States. 
651 0 |a United States  |x Commercial policy. 
655 7 |a Electronic books.  |2 local 
710 2 |a ProQuest (Firm) 
776 0 8 |i Print version:  |a United States. Congress. House. Committee on Foreign Affairs. Subcommittee on International Economic Policy and Trade  |t Oversight of the Export Trading Company Act of 1982  |w (OCoLC)13385068  |w gp 86012234 
776 0 8 |i Microfiche version:  |a United States. Congress. House. Committee on Foreign Affairs. Subcommittee on International Economic Policy and Trade  |t Oversight of the Export Trading Company Act of 1982.  |d [Bethesda, Md.] : ProQuest,[2004]  |o CIS 86 H381-29  |w (ProQuest)cis08600712 
830 0 |a U.S. Congressional Hearings. 
856 4 0 |u http://proxy.library.tamu.edu/login?url=https://congressional.proquest.com/congcomp/getdoc?HEARING-ID=HRG-1984-FOA-0074  |z Connect to the full text of this electronic book  |t 0 
998 |a cis08600712 
999 |a MARS 
999 f f |s 74458162-3af2-304e-a9f4-8346656fc18b  |i 32f4625f-a45d-309e-b51b-b73c992fe08d  |t 0 
952 f f |a Texas A&M University  |b College Station  |c Electronic Resources  |s www_evans  |d Available Online  |t 0  |e HRG-1984-FOA-0074  |h Other scheme 
998 f f |a HRG-1984-FOA-0074  |t 0  |l Available Online